| 000 | 00521cam a22001217a 4500 | ||
|---|---|---|---|
| 008 | 180718b1988 xxu||||| |||| 00| 0 eng d | ||
| 082 | _aXA94068x54 A/1981-82 | ||
| 245 |
_aAll- India debt and investment survey 1981-82 : Report _cby Department of Statistical Analysis and Computer Services, Reserve Bank of India |
||
| 260 |
_aBombay _bReserve Bank of India _c1988 |
||
| 300 | _a2 vols. | ||
| 500 | _aContents: v.1. 159p.;v.2. 247p. | ||
| 700 | _aReserve Bank of India. Department of Statistical Analysis and Computer Services | ||
| 999 |
_c499058 _d499058 |
||